|
|
|
|
| LEADER |
00000naa2a2200000 4500 |
| 001 |
632334 |
| 005 |
20231101133715.0 |
| 035 |
|
|
|a (RuTPU)RU\TPU\conf\34042
|
| 035 |
|
|
|a RU\TPU\conf\34041
|
| 090 |
|
|
|a 632334
|
| 100 |
|
|
|a 20201112d2020 k y0rusy50 ca
|
| 101 |
0 |
|
|a rus
|
| 102 |
|
|
|a RU
|
| 105 |
|
|
|a y z 101zy
|
| 135 |
|
|
|a drgn ---uucaa
|
| 181 |
|
0 |
|a i
|
| 182 |
|
0 |
|a b
|
| 200 |
1 |
|
|a Получение композиционных материалов "титан - карбид кремния" методом селективного лазерного сплавления
|f Э. К. Габитов, М. Г. Криницын
|
| 203 |
|
|
|a Текст
|c электронный
|
| 225 |
1 |
|
|a Модифицирование поверхности и покрытия
|
| 230 |
|
|
|a 1 компьютерный файл (pdf; 886 Kb)
|
| 300 |
|
|
|a Заглавие с экрана
|
| 320 |
|
|
|a [Библиогр.: с. 243 (3 назв.)]
|
| 463 |
|
0 |
|0 (RuTPU)RU\TPU\conf\33987
|t Перспективные материалы конструкционного и функционального назначения
|o сборник научных трудов Международной научно-технической молодежной конференции, Томск, 21–25 сентября 2020 г.
|f Национальный исследовательский Томский политехнический университет. Инженерная школа новых производственных технологий; под ред. С. П. Буяковой
|v [С. 242-243]
|d 2020
|
| 610 |
1 |
|
|a электронный ресурс
|
| 610 |
1 |
|
|a труды учёных ТПУ
|
| 610 |
1 |
|
|a композиционные материалы
|
| 610 |
1 |
|
|a титан
|
| 610 |
1 |
|
|a карбид кремния
|
| 610 |
1 |
|
|a селективное лазерное сплавление
|
| 610 |
1 |
|
|a композиционные материалы
|
| 610 |
1 |
|
|a макротвердость
|
| 700 |
|
1 |
|a Габитов
|b Э. К.
|
| 701 |
|
1 |
|a Криницын
|b М. Г.
|c специалист в области машиностроения
|c инженер Томского политехнического университета
|f 1992-
|g Максим Германович
|2 stltpush
|3 (RuTPU)RU\TPU\pers\37436
|
| 712 |
0 |
2 |
|a Национальный исследовательский Томский политехнический университет
|b Институт физики высоких технологий
|b Кафедра материаловедения и технологии металлов
|b Научно-образовательный центр "Современные производственные технологии"
|h 7774
|2 stltpush
|3 (RuTPU)RU\TPU\col\22917
|
| 801 |
|
2 |
|a RU
|b 63413507
|c 20201127
|g RCR
|
| 856 |
4 |
|
|u http://earchive.tpu.ru/handle/11683/63872
|
| 942 |
|
|
|c BK
|